[Event "St Petersburg-ch"]
[Site "St Petersburg"]
[Date "1998.04.08"]
[Round "2"]
[White "Shaposhnikov, Evgeny"]
[Black "Yemelin, Vasily"]
[Result "1/2-1/2"]
[WhiteElo "2415"]
[BlackElo "2485"]

1.e4 c5 2.Nf3 e6 3.d4 cxd4 4.Nxd4 Nc6 5.Nc3 Qc7 6.Be2 Nf6 7.O-O Be7 8.Be3 O-O
9.f4 d6 10.Qe1 a6 11.Qg3 Nxd4 12.Bxd4 b5 13.a3 Bb7 14.Kh1 Bc6 15.Bd3 Rad8
16.e5 dxe5 17.Bxe5 Qb7 18.Rae1 g6 19.Qh3 Nd7 20.Ne4 Nxe5 21.fxe5 Bxe4 22.Rxe4 Rd7
23.Qh6 Qa8 24.Re3 f5 25.exf6 Rxf6 26.Rxf6 Bxf6 27.Qh3 Kg7 28.Rxe6 Qc8 29.Rxa6 Re7
30.Ra7 Qxh3 31.Rxe7+ Kf8 32.gxh3 Kxe7 33.c3 Bg5 34.Bxb5 Bc1 35.b4 Bxa3 36.Bd3 Bb2
37.c4 Ba3 38.b5 Kd6 39.Kg2 Bb2 40.h4 Kc5 41.Kf3 Bf6 42.Kg4 h6 43.h3 Bb2 44.Bxg6 Bc1
45.Kf5 Be3 46.Ke4 Bc1  1/2-1/2

[Event "Czerniak mem 14th"]
[Site "Tel Aviv"]
[Date "1998.04.09"]
[Round "1"]
[White "Polgar, Sofia"]
[Black "Skripchenko, Almira"]
[Result "1/2-1/2"]
[WhiteElo "2485"]
[BlackElo "2400"]

1.e4 c5 2.Nf3 e6 3.d4 cxd4 4.Nxd4 Nc6 5.Nc3 Qc7 6.Be2 a6 7.O-O Nf6 8.Be3 Bb4
9.Na4 Be7 10.c4 Nxe4 11.Bf3 Ng5 12.Bxc6 bxc6 13.c5 O-O 14.f4 Ne4 15.f5 d5
16.fxe6 Bxe6 17.b4 Bf6 18.Bf4 Qb7 19.Rb1 Rfe8 20.Qd3 Bg4 21.Nb6 Bxd4+ 22.Qxd4 Rad8
23.h3 Bh5 24.a4 h6 25.Rfc1 Bg6 26.Rb2 Ng5 27.Qd2 Ne4 28.Qd4 Ng5 29.Qd2 Ne4  1/2-1/2

[Event "Budapest FS04 GM"]
[Site "Budapest"]
[Date "1998.04.10"]
[Round "7"]
[White "Mikhaletz, Lubomir"]
[Black "Fogarasi, Tibor"]
[Result "1-0"]
[WhiteElo "2435"]
[BlackElo "2440"]

1.e4 c5 2.Nf3 e6 3.d4 cxd4 4.Nxd4 Nc6 5.Nc3 Qc7 6.Be2 a6 7.O-O Nf6 8.Kh1 Be7
9.Qd3 O-O 10.f4 d6 11.Be3 Rd8 12.a4 Bd7 13.Bg1 Nb4 14.Qg3 e5 15.fxe5 dxe5
16.Rac1 Rac8 17.Nf5 Bxf5 18.Rxf5 Rd2 19.Rcf1 Kh8 20.Qh3 Rxc2 21.Rxe5 Rd8
22.Ref5 Rxb2 23.e5 Ng8 24.Rh5 h6 25.Rxf7 Rf8 26.e6 Qd8 27.Be3 Rxf7 28.exf7 Nf6
29.Re5 Qf8 30.g4 Nc6 31.Rf5 Rc2 32.g5 Nh7 33.Bf4 Nd4 34.Qd3 Nxf5 35.Qxc2 Qxf7
36.gxh6 gxh6 37.Qe4 Nd6 38.Be5+ Nf6 39.Qf4 Ne8 40.Qxh6+ Qh7 41.Qf4 Kg8 42.Bc4+ Kf8
43.Bd5 b5 44.axb5 axb5 45.Ne4 Qh5 46.Bxf6 Qxd5 47.Qh6+ Kg8 48.Qh8+  1-0

[Event "Neckar op 2nd"]
[Site "Deizisau"]
[Date "1998.04.10"]
[Round "6"]
[White "Gheng, Josef"]
[Black "Haba, Petr"]
[Result "1-0"]
[WhiteElo "2350"]
[BlackElo "2570"]

1.e4 c5 2.Nf3 e6 3.d4 cxd4 4.Nxd4 Nc6 5.Nc3 Qc7 6.Be2 a6 7.O-O Nf6 8.Kh1 Nxd4
9.Qxd4 Bc5 10.Qd3 b5 11.f4 Bb7 12.Bf3 h5 13.e5 Ng4 14.Bxb7 Qxb7 15.Ne4 Be7
16.Be3 Rc8 17.Bd4 Nh6 18.c3 Nf5 19.Rae1 h4 20.Rf3 Qd5 21.a4 O-O 22.axb5 axb5
23.Bf2 Qxd3 24.Rxd3 Rc7 25.g4 hxg3 26.hxg3 Rb8 27.Red1 Rbb7 28.Kg2 b4 29.g4 bxc3
30.bxc3 Rc4 31.Nd2 Rxf4 32.gxf5 Rxf5 33.Nf3 Bg5 34.Rxd7 Rb2 35.R7d3 Bf4 36.Rd8+ Kh7
37.Rh1+ Bh6 38.Kg3 f6 39.exf6 Rxf6 40.Be3 Rc2 41.Bxh6 Rxh6 42.Rxh6+ gxh6
43.Rc8 Rc1 44.Kf4  1-0

[Event "Dreifluesse op"]
[Site "Passau"]
[Date "1998.04.10"]
[Round "2"]
[White "Mokosch, Andreas"]
[Black "Jansa, Vlastimil"]
[Result "0-1"]
[WhiteElo "2160"]
[BlackElo "2480"]

1.e4 c5 2.Nc3 Nc6 3.Nf3 e6 4.d4 cxd4 5.Nxd4 a6 6.g3 Qc7 7.Bg2 Nf6 8.O-O d6
9.a4 Be7 10.Be3 O-O 11.h3 Na5 12.Re1 Rb8 13.Kh2 b6 14.f4 Bb7 15.f5 e5 16.Nde2 Nc4
17.Bc1 b5 18.axb5 axb5 19.b3 b4 20.Nb5 Qc5 21.bxc4 Bxe4 22.Be3 Qxc4 23.Bxe4 Qxe4
24.Ba7 Rbc8 25.c4 Rxc4 26.Nxd6 Bxd6 27.Qxd6 Rc2 28.Qa6 h5  0-1

[Event "Budapest FS04 IM"]
[Site "Budapest"]
[Date "1998.04.11"]
[Round "8"]
[White "Gara, Anita"]
[Black "Murzin, Lenar"]
[Result "1-0"]
[WhiteElo "2285"]
[BlackElo "2240"]

1.e4 c5 2.Nf3 e6 3.d4 cxd4 4.Nxd4 Nc6 5.Nc3 Qc7 6.Be2 Nf6 7.O-O a6 8.a4 Be7
9.Be3 O-O 10.f4 d6 11.Kh1 Re8 12.Bf3 Nxd4 13.Qxd4 e5 14.Qd2 exf4 15.Bxf4 Be6
16.Rad1 Rad8 17.Qf2 Nd7 18.Nd5 Bxd5 19.Rxd5 Ne5 20.Bh5 Bf6 21.Be3 Qe7 22.Bd4 Rc8
23.b3 Rc7 24.Qd2 g6 25.Be2 Nd7 26.Bc4 Bxd4 27.Rxd4 Ne5 28.Bd5 Kg7 29.Qf2 Rc3
30.Rb4 Rb8 31.h3 b5 32.Qd4 Rbc8 33.Rxf7+ Qxf7 34.Bxf7 Kxf7 35.Qxd6 R8c5 36.Qxa6 bxa4
37.Rb7+ Rc7 38.Rxc7+ Rxc7 39.bxa4 Rxc2 40.Qb7+ Kf6 41.a5 Nc4 42.a6 Nd2 43.Qb6+ Ke5
44.Qb5+ Kf4 45.a7 Rc1+ 46.Kh2 Rc2 47.Qe2  1-0

[Event "Dreifluesse op"]
[Site "Passau"]
[Date "1998.04.11"]
[Round "3"]
[White "Thielen, Dankward"]
[Black "Arnold, Thomas"]
[Result "1-0"]
[WhiteElo "2145"]
[BlackElo "1895"]

1.e4 c5 2.Nc3 e6 3.Nge2 Nc6 4.d4 cxd4 5.Nxd4 d6 6.Bc4 Nf6 7.O-O Be7 8.Be3 O-O
9.Bb3 a6 10.f4 Qc7 11.f5 e5 12.Nde2 b5 13.Nd5 Nxd5 14.Bxd5 Bb7 15.Ng3 Qd8
16.Qg4 Kh8 17.Nh5 Bf6 18.Rf3 Na5 19.Nxf6 gxf6 20.Rh3 Rg8 21.Rxh7+ Kxh7 22.Qh5+  1-0

[Event "Dreifluesse op"]
[Site "Passau"]
[Date "1998.04.12"]
[Round "6"]
[White "Roth, Josef"]
[Black "Jansa, Vlastimil"]
[Result "0-1"]
[WhiteElo "2200"]
[BlackElo "2480"]

1.e4 c5 2.Nf3 e6 3.d4 cxd4 4.Nxd4 Nc6 5.Nc3 a6 6.Be2 d6 7.O-O Nf6 8.Be3 Be7
9.f4 O-O 10.Qe1 Nxd4 11.Bxd4 b5 12.Bf3 Bb7 13.a3 Nd7 14.Rd1 Qc7 15.Qg3 e5
16.Be3 exf4 17.Bxf4 Ne5 18.Kh1 Rad8 19.Bh5 Ng6 20.Bxg6 hxg6 21.Rf3 a5 22.b4 axb4
23.axb4 Qc4 24.Nd5 Bxd5 25.Rxd5 Qxb4 26.Rb3 Qxe4 27.Rbxb5 Qxc2 28.Qd3 Qa4
29.Bg3 Rfe8 30.Rb1 Bf8 31.Rd1 Re6 32.h3 Qe8 33.Kh2 Re3 34.Qd4 Re4 35.Qd3 Re6
36.Qd4 Qc6 37.Rb1 Re2  0-1

[Event "Metz op"]
[Site "Metz"]
[Date "1998.04.13"]
[Round "9"]
[White "Zelcic, Robert"]
[Black "Berend, Fred"]
[Result "1-0"]
[WhiteElo "2540"]
[BlackElo "2350"]

1.e4 c5 2.Nf3 e6 3.d4 cxd4 4.Nxd4 Nc6 5.Nc3 a6 6.Be2 d6 7.O-O Nf6 8.Kh1 Be7
9.f4 O-O 10.Be3 Qc7 11.Qe1 Nxd4 12.Bxd4 b5 13.a3 Bb7 14.Qg3 g6 15.f5 e5 16.Be3 Rac8
17.Bg5 d5 18.fxg6 fxg6 19.Bxf6 Bxf6 20.Bg4 d4 21.Bxc8 Qxc8 22.Nd5 Bxd5 23.exd5 Qxc2
24.d6 Qc4 25.Rac1 Qd5 26.Rc7 Qxd6 27.Qb3+ Kh8 28.Rf7 Rxf7 29.Qxf7 Bg5 30.Qe8+ Kg7
31.Rf7+ Kh6 32.Qg8 Bf6 33.Qxh7+ Kg5 34.h4+ Kf5 35.h5 e4 36.Qxg6+ Ke5 37.Qg3+ Kd5
38.Qxd6+ Kxd6 39.Rxf6+ Ke5 40.Rf8  1-0

[Event "Serbian-ch 29th"]
[Site "Sabac"]
[Date "1998.04.21"]
[Round "2"]
[White "Cabrilo, Goran"]
[Black "Kogan, Artur"]
[Result "1/2-1/2"]
[WhiteElo "2490"]
[BlackElo "2505"]

1.e4 c5 2.Nf3 Nc6 3.d4 cxd4 4.Nxd4 e6 5.Nc3 Qc7 6.Be2 a6 7.O-O Nf6 8.Be3 Bb4
9.Na4 Be7 10.c4 Nxe4 11.c5 f5 12.g3 Nxd4 13.Qxd4 O-O 14.Rac1 Ng5 15.f4 Nf7
16.Nb6 Rb8 17.Rfd1 Bf6 18.Qd2 Qc6 19.b4 Rd8 20.Qe1 g5 21.Bf1 gxf4 22.Bxf4 e5
23.Be3 f4 24.Bg2 Qe6 25.gxf4 d6 26.cxd6 Kh8 27.fxe5 Nxe5 28.Bf4 Bd7 29.Rc5 Bc6
30.Rxe5 Qg4 31.Bg3 Re8 32.Rxe8+ Rxe8 33.Qf1 Bd4+ 34.Rxd4 Qxd4+ 35.Bf2 Qxd6
36.Qa1+ Kg8 37.Qc1  1/2-1/2

[Event "Serbian-ch 29th"]
[Site "Sabac"]
[Date "1998.04.22"]
[Round "3"]
[White "Solak, Dragan"]
[Black "Antic, Dejan"]
[Result "1/2-1/2"]
[WhiteElo "2380"]
[BlackElo "2460"]

1.e4 c5 2.Nf3 e6 3.d4 cxd4 4.Nxd4 Nc6 5.Nc3 a6 6.g3 d6 7.Bg2 Bd7 8.a4 Nf6
9.Nb3 Na5 10.Nd4 Be7 11.O-O O-O 12.g4 Nc6 13.g5 Ne8 14.f4 Nxd4 15.Qxd4 Bc6
16.Be3 e5 17.Qd2 exf4 18.Bxf4 Nc7 19.Nd5 Nxd5 20.exd5 Bd7 21.a5 Rc8 22.Be4 f6
23.gxf6 Rxf6 24.Qd3 g6 25.c4 Qc7 26.b3 Rcf8 27.Qe3 R8f7 28.Bd3 Rxf4 29.Rxf4 Bg5
30.Raf1 Qxa5 31.Qe4 Qb6+ 32.Kg2 Bxf4 33.Rxf4 Qxb3 34.Rxf7 Kxf7 35.Qf4+ Ke7
36.Qh4+ Ke8 37.Bxg6+ hxg6 38.Qh8+ Ke7 39.Qh4+ Kf7 40.Qh7+ Kf6 41.Qxd7 Qc2+
42.Kg1 Qc1+ 43.Kg2 Qg5+ 44.Kh1 Qe5 45.Kg1 Qe7 46.Qc8 a5 47.Qh8+ Kg5 48.Qc3 Qc7
49.Kg2 Qc5 50.Kf3 Kf5 51.h4 Qg1 52.Qc2+ Kf6 53.Qb2+ Kf5  1/2-1/2

[Event "GRE-chT"]
[Site "Poros"]
[Date "1998.04.23"]
[Round "5"]
[White "Markidis, Konstantinos"]
[Black "Rychagov, Andrei"]
[Result "0-1"]
[WhiteElo "2225"]
[BlackElo "2495"]

1.e4 c5 2.Nf3 e6 3.d4 cxd4 4.Nxd4 Nc6 5.Nc3 Qc7 6.g3 a6 7.Bg2 Nf6 8.O-O Be7
9.a4 O-O 10.Kh1 d6 11.f4 Bd7 12.Nb3 Nb4 13.Be3 b5 14.axb5 axb5 15.Rxa8 Rxa8
16.Nd4 Qc4 17.Re1 Rb8 18.Qd2 Qc8 19.Bg1 Na6 20.e5 b4 21.Ne4 Nxe4 22.Bxe4 Nc5
23.Bg2 Qc7 24.b3 Bf8 25.Qe3 dxe5 26.fxe5 Bc8 27.Nc6 Rb6 28.Na5 Ra6 29.Nc4 Bb7
30.h4 Ra2 31.Re2 Bd5 32.Kh2 Qc6 33.h5 h6 34.g4 Bxg2 35.Rxg2 Qe4 36.Qxe4 Nxe4
37.Be3 Be7 38.Bf4 Nc3 39.Nd6 Nd5 40.Kg3 Ra1 41.Bd2 Bxd6 42.exd6 Ra6 43.Bf4 Nxf4
44.Kxf4 Rxd6 45.Rg1 f6 46.Ra1 Rd4+ 47.Kf3 Rd2 48.Ra4 Rxc2 49.Rxb4 Rc7 50.Rb8+ Kf7
51.Ke4 g6 52.hxg6+ Kxg6 53.Rg8+ Kf7 54.Rh8 Rc3 55.Rxh6 Rxb3 56.Rh8 Rb4+ 57.Kf3 Kg7
58.Rc8 Kf7 59.Rc7+ Kg6 60.Rc8 Rb7  0-1

[Event "Vorarlberg-ch"]
[Site "Hohenems"]
[Date "1998.04.25"]
[Round "1"]
[White "Velickovic, Sasa"]
[Black "Grabher, Heinz"]
[Result "1/2-1/2"]
[WhiteElo "2395"]
[BlackElo "2260"]

1.e4 c5 2.Nc3 e6 3.Nf3 Nc6 4.d4 cxd4 5.Nxd4 Nf6 6.g3 Bb4 7.Bg2 d5 8.exd5 Nxd5
9.O-O Nxc3 10.bxc3 Bxc3 11.Nxc6 Qxd1 12.Rxd1 Bd7 13.Rb1 Bxc6 14.Bxc6+ bxc6
15.Ba3 a5 16.Rb6 Bb4 17.Bxb4 axb4 18.Rxb4 O-O 19.a4 Ra5 20.Rc4 g6 21.Rd7 Rfa8
22.Rxc6 Rxa4 23.Rcc7 Rf8 24.Kf1 Ra5 25.Ke2 Rf5 26.Rd3 Ra8 27.Rf3 Rxf3 28.Kxf3 h5
29.Ke3 h4 30.Rd7 Ra1 31.Rd4 h3 32.Rh4 Rc1 33.Kd3 Rd1+ 34.Ke2 Rc1 35.Kd2 Rf1
36.Ke3 Rc1 37.Kd3 Rd1+ 38.Ke3 Rc1 39.c4 Rc2 40.Kf3 f5 41.Rd4 e5 42.Rd8+ Kg7
43.Rc8 g5 44.c5 Kg6 45.c6 e4+ 46.Ke3 Kh5 47.f3 exf3 48.Kxf3 Rc3+ 49.Kf2 Kg4
50.c7 Rc2+ 51.Ke3 Rc6 52.Kf2 Rc5 53.Ke3 Re5+ 54.Kd4 Re7 55.Kd5 Rh7 56.Kd6 Kf3
57.Rg8 Rxc7 58.Kxc7 Kg2 59.Rxg5 Kxh2 60.Rxf5 Kxg3 61.Rh5 h2 62.Rxh2  1/2-1/2

[Event "Zepter op"]
[Site "Minsk"]
[Date "1998.04.26"]
[Round "2"]
[White "Asrian, Karen"]
[Black "Alekseev, Vadim"]
[Result "1-0"]
[WhiteElo "2555"]
[BlackElo "2380"]

1.e4 c5 2.Nf3 e6 3.d4 cxd4 4.Nxd4 Nc6 5.Nc3 a6 6.Be2 Nge7 7.Be3 Nxd4 8.Qxd4 b5
9.O-O Nc6 10.Qd2 Be7 11.f4 d6 12.f5 O-O 13.fxe6 fxe6 14.Nd5 Rxf1+ 15.Rxf1 Bb7
16.Nxe7+ Nxe7 17.Bg4 Qd7 18.e5 Bd5 19.exd6 Qxd6 20.b4 Ng6 21.Bc5 Qc6 22.Bh5 e5
23.Qg5 Re8 24.a3 a5 25.Rd1 axb4 26.axb4 Bf7 27.h3 Qe4 28.Qd2 Qb7 29.Ra1 Ra8
30.Ra5 Nf4 31.Bxf7+ Kxf7 32.Kh2 Kg8 33.c3 h5 34.Qa2+  1-0

[Event "Serbian-ch 29th"]
[Site "Sabac"]
[Date "1998.04.27"]
[Round "8"]
[White "Zontakh, Andrey"]
[Black "Antic, Dejan"]
[Result "1-0"]
[WhiteElo "2545"]
[BlackElo "2460"]

1.e4 c5 2.Nf3 e6 3.d4 cxd4 4.Nxd4 Nc6 5.Nc3 a6 6.Be2 d6 7.O-O Nf6 8.Be3 Be7
9.f4 O-O 10.a4 Qc7 11.Kh1 Re8 12.Bf3 Rb8 13.g4 Nd7 14.g5 b6 15.Bg2 Bb7 16.Qg4 Bf8
17.Rad1 Nb4 18.Bg1 g6 19.Rd2 Bg7 20.Rfd1 f5 21.gxf6 Nxf6 22.Qh3 Qf7 23.f5 exf5
24.exf5 Nbd5 25.Nxd5 Bxd5 26.Nc6 Bxg2+ 27.Qxg2 Rbc8 28.fxg6 Qxg6 29.Qxg6 hxg6
30.Rxd6 Ne4 31.Rd8 Rexd8 32.Rxd8+ Rxd8 33.Nxd8 b5 34.axb5 axb5 35.b3 Bf6
36.Nc6 Kf7 37.Kg2 Ke6 38.Be3 Kd5 39.Nb4+ Ke5 40.Kf3 Ng5+ 41.Ke2 Ke4 42.Nd3 Ne6
43.Nf2+ Kd5 44.Kd3 Be5 45.h3 Bf4 46.Ne4 Bxe3 47.Kxe3 Ke5 48.Nd2 Kd5 49.c3 Nc5
50.h4 Ke5 51.Nf3+ Kf5 52.b4 Na4 53.Nd4+ Kg4 54.Nxb5 Kxh4 55.c4 g5 56.Nd6 g4
57.Kd4 Kg5 58.c5 Kf6 59.Ne4+ Ke6 60.b5 Ke7 61.Kd5 Kd8 62.Kc6  1-0

[Event "Torino op"]
[Site "Torino"]
[Date "1998.04.29"]
[Round "5"]
[White "Luther, Thomas"]
[Black "Lanzani, Mario"]
[Result "1/2-1/2"]
[WhiteElo "2510"]
[BlackElo "2375"]

1.e4 c5 2.Nf3 e6 3.d4 cxd4 4.Nxd4 Nc6 5.Nc3 a6 6.g3 Qc7 7.Bg2 Nf6 8.O-O Be7
9.Re1 Nxd4 10.e5 Nb5 11.exf6 gxf6 12.Nxb5 axb5 13.Qg4 Bf8 14.c3 Ra4 15.Qf5 Bg7
16.Qxb5 Qa5 17.Qe2 Rxa2 18.Rxa2 Qxa2 19.Qg4 Bf8 20.Qf4 Bg7 21.Qg4 Bf8 22.Qf4 Bg7
23.Qg4  1/2-1/2

[Event "Cutro"]
[Site "Cutro"]
[Date "1998.04.30"]
[Round "7"]
[White "Zontakh, Andrey"]
[Black "Skembris, Spyridon"]
[Result "1/2-1/2"]
[WhiteElo "2545"]
[BlackElo "2490"]

1.Nf3 c5 2.e4 e6 3.d4 cxd4 4.Nxd4 Nc6 5.Nc3 Qc7 6.g3 a6 7.Bg2 Nf6 8.O-O Bc5
9.Nxc6 dxc6 10.Na4 Ba7 11.c4 b5 12.e5 Nd7 13.cxb5 axb5 14.Nc3 Ba6 15.Ne4 O-O
16.Bf4 Nxe5 17.b4 Rad8 18.Qc2 Bd4 19.Rae1 f6 20.Nc5 Bc8 21.Nd3 Bd7 22.Nc5 Qa7
23.Rd1 Bc8 24.Nb3 Nc4 25.Nxd4 Rxd4 26.Rxd4 Qxd4 27.Bxc6 Qb6 28.Be4 f5 29.Bg2 e5
30.Bc1 Bb7 31.Bxb7 Qxb7 32.a4 Qc6 33.axb5 Qxb5 34.Bd2 e4 35.Bc3 h6 36.Qd1 Rf7
37.Qd8+ Kh7 38.Qd4 Rd7 39.Qc5 Qxc5 40.bxc5 Rd5 41.Bb4 Ne5 42.Rc1 Nc6 43.Ba3 Rd2
44.Rb1 Rd3 45.Ra1 Rc3 46.Kg2 g5 47.h4 Kg6 48.hxg5 hxg5 49.Rd1 Kh5 50.Rd6 Rxa3
51.Rxc6 Rc3 52.Re6 Rxc5 53.Re8 Kg4 54.Re6 Rc2 55.Re8 Re2 56.Re6 f4 57.Rxe4 Rxe4
58.f3+ Kf5 59.fxe4+ Kxe4 60.gxf4 gxf4 61.Kf2 f3 62.Kf1 Ke3 63.Ke1 f2+ 64.Kf1 Kf3  1/2-1/2

[Event "SVR-chA"]
[Site "Nickenich"]
[Date "1998.04.??"]
[Round "?"]
[White "Bruehl, Andreas"]
[Black "Czeratzki, Michael"]
[Result "1/2-1/2"]
[WhiteElo "2200"]
[BlackElo "2020"]

1.e4 e6 2.d4 c5 3.Nf3 cxd4 4.Nxd4 Nc6 5.Nc3 d6 6.Be2 Nf6 7.f4 Qa5 8.O-O d5
9.exd5 Nxd4 10.Qxd4 Bc5 11.Bb5+ Qxb5 12.Nxb5 Bxd4+ 13.Nxd4 Nxd5 14.c4 Nc7
15.b4 f6 16.Be3 Kf7 17.Rad1 Re8 18.a4 Re7 19.Nb3 b6 20.Rd2 Rd7 21.Rfd1 Rxd2
22.Rxd2 Ke8 23.a5 b5  1/2-1/2

[Event "Zepter op"]
[Site "Minsk"]
[Date "1998.05.02"]
[Round "8"]
[White "Asrian, Karen"]
[Black "Fominyh, Alexander"]
[Result "1-0"]
[WhiteElo "2555"]
[BlackElo "2530"]

1.e4 c5 2.Nf3 Nc6 3.d4 cxd4 4.Nxd4 e6 5.Nc3 Qc7 6.Be2 a6 7.O-O Bc5 8.Nb3 Be7
9.f4 b5 10.Be3 d6 11.Bf3 Nf6 12.e5 dxe5 13.fxe5 Nd7 14.Bxc6 Qxc6 15.Na5 Qc7
16.Qf3 O-O 17.Qxa8 Qxa5 18.Qa7 b4 19.Ne4 Qxe5 20.Qd4 f5 21.Qxe5 Nxe5 22.Bc5 Bxc5+
23.Nxc5 Kf7 24.a3 bxa3 25.Rxa3 Rd8 26.Re1 Kf6 27.Rc3 g5 28.b4 h5 29.Nd3 Nxd3
30.Rxd3 Rxd3 31.cxd3 e5 32.Ra1 h4 33.Ra5 g4 34.g3 hxg3 35.hxg3 f4 36.d4 exd4
37.gxf4 Bb7 38.Kf2 d3 39.Ke3 g3 40.Rg5  1-0

[Event "Vorarlberg-ch"]
[Site "Hohenems"]
[Date "1998.05.03"]
[Round "9"]
[White "Grabher, Heinz"]
[Black "Paunovic, Dragan"]
[Result "1/2-1/2"]
[WhiteElo "2245"]
[BlackElo "2475"]

1.e4 c5 2.Nf3 e6 3.d4 cxd4 4.Nxd4 Nc6 5.Nc3 Qc7 6.g3 a6 7.Bg2 Nf6 8.O-O Be7
9.Re1 O-O 10.Nxc6 dxc6 11.e5 Rd8 12.Qf3 Nd5 13.h4 Nxc3 14.Qxc3 Bd7 15.Bg5 Be8
16.Bxe7 Qxe7 17.b4 Rd7 18.Bf3 Rad8 19.Rad1  1/2-1/2

[Event "Torino op"]
[Site "Torino"]
[Date "1998.05.03"]
[Round "9"]
[White "Lanzani, Mario"]
[Black "Velikov, Petar"]
[Result "1/2-1/2"]
[WhiteElo "2375"]
[BlackElo "2475"]

1.e4 c5 2.Nf3 Nc6 3.d4 cxd4 4.Nxd4 e6 5.Nc3 a6 6.Be2 Qc7 7.O-O Nf6 8.Kh1 d6
9.Be3 Be7 10.f4 Nxd4 11.Qxd4  1/2-1/2

[Event "Presidents Cup"]
[Site "Elista"]
[Date "1998.05.07"]
[Round "1.1"]
[White "Onischuk, Alexander"]
[Black "Salov, Valery"]
[Result "0-1"]
[WhiteElo "2610"]
[BlackElo "2680"]

1.e4 c5 2.Nf3 e6 3.d4 cxd4 4.Nxd4 Nc6 5.Nc3 Qc7 6.Be3 a6 7.Bd3 Nf6 8.O-O Ne5
9.h3 Bc5 10.Kh1 d6 11.f4 Ng6 12.Qd2 O-O 13.Rae1 b5 14.a3 Re8 15.Nb3 Bxe3
16.Qxe3 Bb7 17.e5 dxe5 18.fxe5 Nd7 19.Bxg6 fxg6 20.Re2 Nb6 21.Qc5 Rac8 22.Qxc7 Rxc7
23.Na5 Ba8 24.Kg1 Rd8 25.Rd1 Rxd1+ 26.Nxd1 Kf7 27.Nf2 Nc4 28.Nxc4 Rxc4 29.c3 g5
30.Rd2 Ke7 31.Rd6 Bc6 32.Rd4 Bd5 33.Nd3 a5 34.Kf2 Kd7 35.Ne1 Kc6 36.Ke3 h6
37.g3 Kb6 38.Nd3 Rc8 39.a4 Rf8 40.axb5 Kxb5 41.Ke2 Rf5 42.g4 Rf7 43.Ne1 Rf4
44.Ke3 Rf1 45.Nc2 Rf3+ 46.Kd2 Bb3 47.Rb4+ axb4 48.Nd4+ Kc4 49.Nxf3 bxc3+
50.bxc3 Kd5 51.Ke3 Bc4 52.h4 gxh4 53.Nxh4 Kxe5 54.Nf3+ Kd5 55.Nd2 Bb5 56.Nf3 Ba4
57.g5 h5 58.Kf4 Bc2 59.Ne5 Bf5 60.Nf3 Kc4 61.Nh4 Bg4 62.g6 Kxc3 63.Ke5 Kd3
64.Kd6 Ke4 65.Ke7 Kf4  0-1

[Event "FRA-chT"]
[Site "FRA"]
[Date "1998.05.08"]
[Round "8"]
[White "Roser, Kevin"]
[Black "Renet, Olivier"]
[Result "0-1"]
[WhiteElo "2255"]
[BlackElo "2490"]

1.e4 c5 2.Nf3 Nc6 3.d4 cxd4 4.Nxd4 e6 5.Nc3 d6 6.Be2 Nf6 7.O-O Be7 8.Be3 O-O
9.f4 Bd7 10.Nb3 Qc7 11.g4 d5 12.e5 Ne4 13.Nb5 Qd8 14.N5d4 f6 15.exf6 Bxf6
16.g5 Be7 17.Bg4 Nxd4 18.Nxd4 Bc5 19.Qd3 e5 20.Ne6 Bxe6 21.Bxe6+ Kh8 22.Kh1 Bxe3
23.Qxe3 exf4 24.Rxf4 Qd6 25.Bf7 Nxg5 26.Raf1 d4 27.Qb3 Nxf7 28.Rxf7 Rxf7
29.Qxf7 Qc6+ 30.Kg1 h6 31.Qf5 Re8 32.h4 Qe4 33.h5 Qxf5 34.Rxf5 Re2 35.Rc5 d3
36.cxd3 Rxb2 37.a4 g6 38.Rc7 gxh5 39.d4 Kg8 40.d5 Kf8 41.Rh7 Ke8 42.Kf1 Kd8
43.Ke1 Kc8 44.Rxh6 Kd7 45.Kd1 a6 46.Kc1 Rb4 47.Rxh5 Kd6 48.Kc2 Rxa4 49.Kb3 Re4
50.Rh7 Re7 51.Rh5 Kc5 52.Ka4 Rd7 53.Ka5 Rxd5 54.Rh6 Rd1 55.Rh5+ Kc6 56.Rh6+ Rd6
57.Rh8 Rd5+ 58.Ka4 Rd4+  0-1

[Event "Boca Juniors op"]
[Site "Buenos Aires"]
[Date "1998.05.09"]
[Round "3"]
[White "Iglesias, Jorge"]
[Black "Maggiolo, Sonia"]
[Result "1-0"]
[WhiteElo "2275"]
[BlackElo "2065"]

1.e4 c5 2.Nc3 Nc6 3.Nge2 e6 4.d4 cxd4 5.Nxd4 d6 6.Be3 Nf6 7.f3 Be7 8.Qd2 a6
9.O-O-O Qc7 10.g4 h6 11.h4 Nd7 12.Qg2 Nf8 13.g5 h5 14.f4 Rg8 15.Qf2 g6 16.Bh3 Bd7
17.Nb3 b5 18.Rhf1 b4 19.Na4 Qb7 20.Nb6 Rb8 21.Nc4 d5 22.exd5 exd5 23.Bxd7+ Qxd7
24.Nb6 Qb7 25.Nxd5 Ne6 26.f5 gxf5 27.Qxf5 Ncd8 28.Nc5 Qc6 29.Ne4 Rc8 30.Nef6+ Bxf6
31.Nxf6+ Kf8 32.Qh7 Rg6 33.Qh8+  1-0

[Event "FRA-chT"]
[Site "FRA"]
[Date "1998.05.09"]
[Round "9"]
[White "Apicella, Manuel"]
[Black "Cramling, Pia"]
[Result "1-0"]
[WhiteElo "2520"]
[BlackElo "2535"]

1.e4 c5 2.Nf3 e6 3.d4 cxd4 4.Nxd4 Nc6 5.Nc3 Qc7 6.Be2 a6 7.O-O Nf6 8.Be3 Bb4
9.Na4 Be7 10.Nxc6 bxc6 11.Nb6 Rb8 12.Nxc8 Qxc8 13.e5 Nd5 14.Bc1 Bc5 15.c4 Ne7
16.b3 Qc7 17.Bb2 d6 18.exd6 Bxd6 19.g3 Be5 20.Bxe5 Qxe5 21.Bf3 c5 22.Qd2 Qc7
23.Rab1 a5 24.a3 O-O 25.b4 Rfd8 26.Qc3 cxb4 27.axb4 axb4 28.Rxb4 Nd5 29.Bxd5 Rxb4
30.Qxb4 exd5 31.c5 d4 32.Qb6 Rc8 33.Ra1 h6 34.Ra8 Kh7 35.Rxc8 Qxc8 36.Qd6 Qg4
37.f3 Qxf3 38.Qxd4 Kg6 39.Qd6+ Qf6 40.Qd3+ Qf5 41.Qc4 Kf6 42.c6 Qe6 43.Qc3+ Ke7
44.c7 Qb6+ 45.Kg2 Qb7+ 46.Kh3 Qc8+ 47.g4 f6 48.Qc6 h5 49.Kg3 Qxg4+ 50.Kf2 Qd4+
51.Ke2 Qg4+ 52.Ke3 Qc8 53.Kd4 h4 54.Kc5 g5 55.Qd6+ Ke8 56.Kb6 Kf7 57.Qd5+ Ke7
58.Qe4+ Kf7 59.h3 f5 60.Qb7 Qe6+ 61.Ka7 Qe3+ 62.Qb6 Qa3+ 63.Kb8 Qg3 64.Qb5 Qf4
65.Kc8 g4 66.Qd5+ Ke7 67.Qc5+ Kf7 68.Kb7 Qe4+ 69.Ka7 Qa4+ 70.Kb6 Qb3+ 71.Ka5 Qa2+
72.Kb5 Qb3+ 73.Qb4 Qd5+ 74.Kb6 Qe6+ 75.Kb7 Qd5+ 76.Ka7 Qa2+ 77.Kb8 Qh2 78.Qc4+ Ke7
79.Qc5+ Kd7 80.Qxf5+ Ke7 81.Qe4+ Kf7 82.Qxg4 Qb2+ 83.Kc8 Qe5 84.Qc4+ Kg7
85.Kd7 Qf5+ 86.Qe6 Qb5+ 87.Ke7 Qc5+ 88.Qd6 Qg5+ 89.Ke8 Qh5+ 90.Kd8 Qa5 91.Qd4+ Kf7
92.Kd7 Qb5+ 93.Kc8 Qa6+ 94.Kd8 Qa5 95.Qc4+ Kg7 96.Kd7 Qf5+ 97.Kc6 Qf3+ 98.Qd5 Qxh3
99.Qd4+ Kf7 100.Qd5+ Kg7 101.Kd6 Qc8 102.Qe5+ Kh7 103.Qe7+  1-0

[Event "FRA-chT"]
[Site "FRA"]
[Date "1998.05.09"]
[Round "9"]
[White "Popovic, Petar"]
[Black "Rechlis, Gad"]
[Result "1-0"]
[WhiteElo "2525"]
[BlackElo "2520"]

1.e4 c5 2.Nf3 e6 3.d4 cxd4 4.Nxd4 Nc6 5.Nc3 Qc7 6.g3 a6 7.Bg2 Nge7 8.Nb3 Ng6
9.f4 f6 10.Be3 Be7 11.Qd2 O-O 12.O-O-O Rb8 13.Kb1 Nh8 14.h4 Nf7 15.g4 b5
16.g5 b4 17.Na4 d6 18.Bf1 Ncd8 19.Qf2 Bb7 20.Bd3 f5 21.exf5 Bxh1 22.Rxh1 Qc6
23.Rg1 exf5 24.Nb6 g6 25.Bc4 Rxb6 26.Bxf7+ Rxf7 27.Bxb6 Ne6 28.Re1  1-0

[Event "FRA-chT"]
[Site "FRA"]
[Date "1998.05.10"]
[Round "10"]
[White "Popovic, Petar"]
[Black "Beikert, Guenther"]
[Result "1-0"]
[WhiteElo "2525"]
[BlackElo "2495"]

1.e4 c5 2.Nf3 e6 3.d4 cxd4 4.Nxd4 Nc6 5.Nc3 Qc7 6.g3 a6 7.Bg2 d6 8.O-O Bd7
9.Nxc6 Bxc6 10.a4 Nf6 11.Be3 Be7 12.a5 O-O 13.Bb6 Qb8 14.Re1 Nd7 15.Bd4 Bf6
16.Ne2 b5 17.axb6 e5 18.Be3 Bd8 19.Qd3 Bxb6 20.Bxb6 Qxb6 21.Qxd6 f5 22.Nc3 Rf6
23.Qd2 Raf8 24.Nd5 Bxd5 25.Qxd5+ R8f7 26.Qb3 Qxb3 27.cxb3 fxe4 28.Bxe4 Rd6
29.Red1 Rff6 30.Bd5+ Kf8 31.Bc4 Nc5 32.b4 Rxd1+ 33.Rxd1 Na4 34.b3 Nb2 35.Rd8+ Ke7
36.Rd5 Nxc4 37.bxc4 Re6 38.Kf1 Kf6 39.c5 Rc6 40.Ke2 Ke6 41.Rd2 Kf5 42.Kd3 g5
43.Kc4 Rh6 44.Kd5 Rxh2 45.c6 Rh1 46.c7 Rc1 47.Kd6 h5 48.Rd5  1-0

[Event "POR-chT"]
[Site "Lisboa"]
[Date "1998.05.10"]
[Round "5"]
[White "Romero Holmes, Alfonso"]
[Black "Gaspar, Artur"]
[Result "1-0"]
[WhiteElo "2490"]
[BlackElo "2225"]

1.e4 c5 2.Nc3 e6 3.Nge2 Nc6 4.d4 cxd4 5.Nxd4 Qc7 6.g3 a6 7.Bg2 b5 8.O-O Bb7
9.Re1 d6 10.a4 b4 11.Nd5 exd5 12.Nxc6 Bxc6 13.exd5+ Be7 14.dxc6 O-O-O 15.Qg4+ f5
16.Qxf5+ Kb8 17.Re4 a5 18.Qb5+  1-0

[Event "Toronto op"]
[Site "Toronto"]
[Date "1998.05.14"]
[Round "1"]
[White "Kreiman, Boris"]
[Black "Cummings, David H"]
[Result "1/2-1/2"]
[WhiteElo "2445"]
[BlackElo "2365"]

1.e4 c5 2.Nf3 e6 3.d4 cxd4 4.Nxd4 Nc6 5.Nc3 Qc7 6.Be2 a6 7.O-O Nf6 8.Nxc6 bxc6
9.f4 d5 10.e5 Nd7 11.Kh1 Be7 12.Na4 O-O 13.c4 a5 14.Be3 Ba6 15.Rc1 Qb7 16.Qc2 Rac8
17.b3 Qb8 18.Bd4 g6 19.Bd3 c5 20.Bc3 dxc4 21.bxc4 Bb7 22.Bxa5 Qa8 23.Bc3 Rfd8
24.Nb2 Nb8 25.a4 Nc6 26.Qf2 Nd4 27.Rce1 Bh4 28.Qd2 Bxe1 29.Rxe1 Rd7 30.Qf2 Rcd8
31.h3 Nf5 32.Bxf5 exf5 33.e6 fxe6 34.Rxe6 Re8 35.Rf6 Bxg2+ 36.Qxg2 Qxg2+
37.Kxg2 Re3 38.Be5 Rd2+ 39.Kf1 Rxh3 40.Ke1 Rc2 41.Kd1 Rhh2 42.Rb6 Rhd2+ 43.Ke1 Re2+  1/2-1/2

[Event "Capablanca mem 33th Premier"]
[Site "Havana"]
[Date "1998.05.16"]
[Round "9"]
[White "Abreu, Arian"]
[Black "Franco Ocampo, Zenon"]
[Result "1/2-1/2"]
[WhiteElo "2410"]
[BlackElo "2465"]

1.e4 c5 2.Nf3 Nc6 3.d4 cxd4 4.Nxd4 e6 5.Nc3 Qc7 6.g3 d6 7.Bg2 Nxd4 8.Qxd4 Bd7
9.O-O Nf6 10.h3 Be7 11.g4 h6 12.a4 a6 13.Be3 O-O 14.f4 e5 15.Qd2 exf4 16.Bxf4 Be6
17.Rf2 Nd7 18.Rd1 Ne5 19.Ne2 Rac8 20.Ng3 Rfd8 21.b3 Ng6 22.Nf5 Bxf5 23.exf5 Nxf4
24.Qxf4 Bg5 25.Qf3 b5 26.axb5 axb5 27.Re2 b4 28.Qf2 Bf6 29.Bd5 Qc5  1/2-1/2